| 000 | 00513cam a2200205ua 4500 | ||
|---|---|---|---|
| 001 | 10879 | ||
| 005 | 20260515114654.0 | ||
| 008 | 190904n ii |||gr||||Z||||||eng | ||
| 020 | _a9780521543057 | ||
| 040 | _cMAIN | ||
| 041 | _aeng | ||
| 082 | _a320.954 | ||
| 100 |
_aPaul R Brass, _eAuthor. |
||
| 245 |
_aPolitics of india since independence _cBy Paul R Brass |
||
| 250 | _a2nd ed. | ||
| 260 |
_aDelhi: _bCambridge university press, _c2015. |
||
| 300 | _a403p. | ||
| 653 | _aPolitical science | ||
| 942 | _cBK | ||
| 999 |
_c9825 _d9825 |
||